| 000 | 00470nam a2200169 4500 | ||
|---|---|---|---|
| 001 | 24759 | ||
| 005 | 20230411085952.0 | ||
| 008 | 060907n1985 dr spa | ||
| 020 | _a0816012660 | ||
| 035 | _9funglode24945 | ||
| 041 | _aEN | ||
| 100 | _aShafritz, Jay M. | ||
| 245 | 1 | 4 |
_aThe facts on file dictionary of public administration / _cJay M. Shafritz |
| 260 |
_aNew York : _bFacts on File Publications, _c1985 |
||
| 300 | _a610 p. | ||
| 942 |
_2lcc _cbk |
||
| 999 |
_c110194 _d110194 |
||